Top 5 defensive players on the Packers - Statistics

General Stats
  • This quiz has been taken 24 times
  • The average score is 3 of 5
Answer Stats
Number Answer % Correct
23 Jaire Alexander
81%
97 Kenny Clark
76%
59 De'Vondre Campbell
62%
26 Darnell Savage
52%
31 Adrian Amos
48%
No matching quizzes found
Score Distribution
Percent of People with Each Score
Percentile by Number Answered
Your Score History
You have not taken this quiz